[Event "BAN-chT"]
[Site "Dhaka"]
[Date "2018.12.09"]
[Round "4.1"]
[White "Khan, Mokaddesur Rahman"]
[Black "Arpan, Das Jr"]
[Result "0-1"]
[WhiteElo "1942"]
[BlackElo "2186"]
[PlyCount "70"]
[EventDate "2018.12.06"]
[EventType "team-tourn"]
[EventRounds "11"]
[EventCountry "BAN"]
[SourceTitle "CBM 187 Extra"]
[Source "ChessBase"]
[SourceDate "2018.11.04"]
[SourceVersion "1"]
[SourceVersionDate "2018.11.04"]
[SourceQuality "1"]
[WhiteTeam "Sultana Kamal Smirity Pathagar"]
[BlackTeam "Access"]
[WhiteTeamCountry "BAN"]
[BlackTeamCountry "BAN"]

1. d4 Nf6 2. c4 e6 3. Nf3 c5 4. d5 d6 5. Nc3 exd5 6. cxd5 g6 7. g3 Bg7 8. Bg2 0-0 9. 0-0 Re8 10. Bf4 a6 11. a4 Ne4 12. Nxe4 Rxe4 13. Qc2 Bf5 14. Qd2 Rb4 15. Ra2 Be4 16. Rd1 Qe7 17. Bg5 Qf8 18. Qc1 Nd7 19. Bd2 Bxd5 20. Bxb4 Bxa2 21. Bc3 Nf6 22. Nd2 Be6 23. Ne4 Nxe4 24. Bxe4 Qe7 25. Bxg7 Kxg7 26. Qc3+ Kg8 27. Qf3 Rb8 28. Bd5 b5 29. a5 Bxd5 30. Qxd5 Qxe2 31. Qxd6 Re8 32. Rd2 Qf3 33. Rd1 Re6 34. Qd8+ Kg7 35. Qd2 Re2 0-1

[Event "Dhaka Walton op"]
[Site "Dhaka"]
[Date "2018.05.30"]
[Round "5"]
[White "Khan, Mokaddesur Rahman"]
[Black "Mohammad, Javed"]
[Result "0-1"]
[WhiteElo "1957"]
[BlackElo "2127"]
[PlyCount "120"]
[EventDate "2018.05.26"]
[EventType "swiss"]
[EventRounds "9"]
[EventCountry "BAN"]
[SourceTitle "CBM 184 Extra"]
[Source "ChessBase"]
[SourceDate "2018.06.28"]
[SourceVersion "1"]
[SourceVersionDate "2018.06.28"]
[SourceQuality "1"]

1. d4 Nf6 2. c4 e6 3. g3 d5 4. Bg2 Bb4+ 5. Bd2 Be7 6. Qc2 0-0 7. Nf3 Nbd7 8. 0-0 c6 9. Bf4 Ne4 10. Nc3 f5 11. Rad1 g5 12. Bc1 Bf6 13. b3 Qe7 14. Nb1 Qg7 15. Ba3 Rf7 16. e3 g4 17. Ne1 Bg5 18. Bxe4 fxe4 19. Ng2 Rf5 20. Bd6 Qh6 21. Nc3 Nf6 22. Bf4 Bxf4 23. Nxf4 Bd7 24. Nce2 Qg7 25. Kg2 h6 26. Rh1 Rf8 27. h4 gxh3+ 28. Rxh3 Ng4 29. Rdh1 a5 30. a3 Kh7 31. Rh4 e5 32. dxe5 Rxe5 33. Rd1 Be6 34. Qc3 dxc4 35. bxc4 Bc8 36. Rd6 Rg5 37. Qd2 Nf6 38. Rd8 Bg4 39. Qd6 Bf3+ 40. Kg1 Rxd8 41. Qxd8 Nd5 42. Kh2 Nxf4 43. Nxf4 Rf5 44. Qd6 Rf7 45. Ne6 Qf6 46. Rf4 Qe7 47. Nf8+ Kg8 48. Qxe7 Rxe7 49. Ng6 Rd7 50. Ne5 Rd2 51. Nxf3 Rxf2+ 52. Kg1 Rxf3 53. Rxf3 exf3 54. c5 Kf7 55. Kf2 Ke6 56. Kxf3 Kd5 57. Kf4 Kxc5 58. Ke5 b5 59. e4 b4 60. axb4+ axb4 0-1

[Event "Dhaka IRT U2000"]
[Site "Dhaka"]
[Date "2018.02.14"]
[Round "1"]
[White "Khan, Mokaddesur Rahman"]
[Black "Mofakkhar Hossain Khan, Khali"]
[Result "1-0"]
[WhiteElo "1969"]
[BlackElo "1717"]
[PlyCount "103"]
[EventDate "2018.02.14"]
[EventType "swiss"]
[EventRounds "9"]
[EventCountry "BAN"]
[SourceTitle "EXT 2024"]
[Source "ChessBase"]
[SourceDate "2023.10.10"]
[SourceVersion "1"]
[SourceVersionDate "2023.10.10"]
[SourceQuality "1"]

1. d4 d5 2. c4 c6 3. Nf3 Nf6 4. g3 Bg4 5. Bg2 Nbd7 6. Qc2 e6 7. 0-0 Rc8 8. Rd1 Be7 9. Nc3 0-0 10. Ne5 Bf5 11. Qb3 Nxe5 12. dxe5 Ng4 13. e4 Bg6 14. exd5 cxd5 15. cxd5 Bc5 16. Rd2 exd5 17. Bxd5 Qc7 18. Re2 Bd3 19. Nb5 Bxb5 20. Qxb5 Nxe5 21. Bf4 Rce8 22. Rxe5 Rxe5 23. Bxe5 Qe7 24. Bc3 Bb6 25. Re1 Qg5 26. Qd7 Qg6 27. Re8 Bc5 28. Rxf8+ Bxf8 29. Be5 Qh5 30. g4 Qg6 31. Qf5 Qxf5 32. gxf5 Bc5 33. f6 g6 34. h4 h5 35. Kg2 b5 36. f3 b4 37. b3 Bb6 38. Kg3 Bd8 39. Kf4 Bb6 40. Kg5 Bd8 41. f4 Bb6 42. f5 gxf5 43. Kxf5 Bf2 44. Kg5 Be3+ 45. Kxh5 Bb6 46. Bd6 Bd8 47. Be7 Bb6 48. Be4 Bc7 49. Kg4 Kh8 50. Bf8 Bb6 51. Bg7+ Kg8 52. Kf3 1-0

[Event "Dhaka Powertec op-B"]
[Site "Dhaka"]
[Date "2017.07.18"]
[Round "4"]
[White "Khan, Mokaddesur Rahman"]
[Black "Noshin, Anjum"]
[Result "1-0"]
[WhiteElo "1983"]
[BlackElo "1675"]
[PlyCount "69"]
[EventDate "2017.07.15"]
[EventType "swiss"]
[EventRounds "9"]
[EventCountry "BAN"]
[SourceTitle "EXT 2018"]
[Source "ChessBase"]
[SourceDate "2017.10.13"]
[SourceVersion "1"]
[SourceVersionDate "2017.10.13"]
[SourceQuality "1"]

1. d4 d5 2. c4 c6 3. g3 Nf6 4. Bg2 e6 5. Nf3 Nbd7 6. Qc2 Bb4+ 7. Nc3 0-0 8. 0-0 dxc4 9. Rd1 Nd5 10. e4 Ne7 11. a3 Ba5 12. e5 Bxc3 13. bxc3 Nb6 14. a4 Nbd5 15. Ng5 Ng6 16. h4 h6 17. h5 hxg5 18. hxg6 fxg6 19. Be4 g4 20. Bxg6 Rf3 21. Kg2 Nxc3 22. Bh7+ Kh8 23. Rh1 Nd5 24. Be4+ Kg8 25. Bxf3 gxf3+ 26. Kg1 Kf7 27. Qe4 b5 28. Qxf3+ Kg8 29. Qh5 Qf8 30. Bg5 Ne7 31. Bxe7 Qxe7 32. Rh4 Bb7 33. Qh8+ Kf7 34. Rf4+ Kg6 35. Rg4+ 1-0

[Event "BAN-chT"]
[Site "Dhaka"]
[Date "2015.12.12"]
[Round "7.2"]
[White "Khan, Mokaddesur Rahman"]
[Black "Mohammad, Javed"]
[Result "0-1"]
[WhiteElo "1934"]
[BlackElo "2173"]
[PlyCount "66"]
[EventDate "2015.12.06"]
[EventType "team-tourn"]
[EventRounds "9"]
[EventCountry "BAN"]
[SourceTitle "EXT 2017"]
[Source "ChessBase"]
[SourceDate "2016.10.25"]
[SourceVersion "1"]
[SourceVersionDate "2016.10.25"]
[SourceQuality "1"]
[WhiteTeam "Narayanganj"]
[BlackTeam "Bangladesh Navy U20"]
[WhiteTeamCountry "BAN"]
[BlackTeamCountry "BAN"]

1. d4 Nf6 2. c4 e6 3. g3 d5 4. Bg2 Be7 5. Nf3 0-0 6. 0-0 dxc4 7. Ne5 Nc6 8. Nxc6 bxc6 9. Bxc6 Rb8 10. Nc3 Bb7 11. Bxb7 Rxb7 12. e3 c5 13. Qf3 Rd7 14. dxc5 Bxc5 15. Qf4 Bb4 16. Qxc4 Bxc3 17. bxc3 Qa8 18. f3 Rc8 19. Qe2 Nd5 20. Bb2 Nxc3 21. Bxc3 Rxc3 22. Rac1 Rxc1 23. Rxc1 h6 24. Rd1 Rc7 25. Kf2 e5 26. Qd3 Qc6 27. Rd2 Qc1 28. Kg2 Rc3 29. Qe2 f5 30. e4 f4 31. gxf4 exf4 32. Rb2 Rc6 33. Qd2 Rg6+ 0-1